Partiti politici italiani - VIII Legislatura - Statistics

Statistiche generali
  • Questo quiz è stato fatto 16 volte
  • Il punteggio medio è 9 su 12
Statistiche sulle risposte
Seggi Camera Seggi Senato Collocazione Partito politico % Corretto
262 138 Centro Democrazia Cristiana
100%
201 109 Sinistra Partito Comunista Italiano
100%
62 32 Centro-sinistra Partito Socialista Italiano
100%
30 13 Estrema destra Movimento Sociale Italiano - Destra Nazionale
92%
9 2 Centro-destra Partito Liberale Italiano
92%
18 2 Centro-sinistra Partito Radicale
92%
1 1 Centro / Centro-destra Union Valdôtaine-Federalismo Europa Autonomie
92%
16 6 Centro Partito Repubblicano Italiano
75%
20 9 Centro-sinistra Partito Socialista Democratico Italiano
75%
4 3 Centro Partito Popolare Sudtirolese
67%
6 0 Estrema sinistra Partito di Unità Proletaria per il Comunismo
8%
1 0 Centro-sinistra Associazione per Trieste
0%
Nessun quiz corrispondente trovato
Distribuzione punteggi
Percentuale di utenti per punteggio
Percentile per numero di risposta
I tuoi punteggi nel tempo
Non hai fatto questo quiz